Cyclisme Féminin : Top 20 des Championnats du monde 2025 - Statistiques

Statistiques générales
  • Ce quiz a été pris 22 fois
    12 depuis la dernière actualisation
  • Le résultat moyen est 11 sur 20
Statistiques - réponses
Position Pays Représenté Coureuse % Correct
7eme Pays Bas Demi Vollering
100%
13eme France Juliette Labous
100%
8eme Maurice Kim Pienaar Le Court
100%
16eme France Pauline Ferrand-Prevot
100%
10eme Pologne Katarzyna Niewiadoma
92%
9eme Suisse Marlen Reusser
92%
3eme Espagne Mavi Garcia
92%
15eme Italie Elisa Longo Borghini
83%
1er Canada Magdeleine Vallieres
75%
2eme Nouvelle-Zelande Niamh Fisher-Black
75%
4eme Suisse Elise Chabbey
67%
12eme Allemagne Franziska Koch
33%
11eme Suede Caroline Andersson
17%
17eme USA Chloe Dygert
17%
14eme Norvege Katrine Aalerud
17%
20eme Suisse Noemi Ruegg
17%
5eme Pays-Bas Riejanne Markus
17%
6eme Allemagne Antonia Niedermaier
8%
19eme Australie Brodie Chapman
8%
18eme Italie Barbara Malcotti
0%
Aucun quiz correspondant
Distribution des résultats
% des personnes avec chaque résultat
Percentile par nombre de réponses
Votre historique - résultats
Vous n’avez pas pris ce quiz depuis la dernière actualisation